00501nmm a2200157Ia 4500008004100000020001800041041000800059100003400067245004300101264008400144300001800228650002200246856005100268942000700319999001700326251105s9999||||xx |||||||||||||||||und|| a9788498868265 aspa aOrdiz Llaneza, José Ángel 0aEl narrador de historias fantásticas a[Madrid, España] :bVision Libros, c[Fecha de publicación no identificada] a176 páginas aSpanish narrative uhttps://public.digitaliapublishing.com/a/89214 cCF c92094d92094